Les Personnages De La Famille Macdonalds - Statistiques

Statistiques générales
  • Ce quiz a été pris 15 fois
  • Le résultat moyen est 8 sur 15
Statistiques - réponses
Par images Réponse % Correct
20kg
100%
4kg
83%
6kg
83%
Darkness
50%
Grandotruc
50%
GreenMan
50%
L'eau
50%
Le Dieux
50%
Le Feu
50%
Le Serpent Venimeux Du Desert
50%
Le Vent
50%
L'Intello
50%
Adrien Pasquet
33%
Calamapoop
33%
Le Lutin Des Ames Nerds
33%
Aucun quiz correspondant
Distribution des résultats
% des personnes avec chaque résultat
Percentile par nombre de réponses
Votre historique - résultats
Vous n’avez pas pris ce quiz